00345nam a2200157Ia 4500008004100000082002100041100000600062245002300068250000600091260002400097300000800121600000600129630002300135700000600158730002300164151018s9999 xx 000 0 und d bRBASDV14258a824 a- aThe Sankhya karika b1 bPenguin Booksc1937 a271 a- aThe Sankhya karika a- aThe Sankhya karika